| 000 | 00402nam a22001457a 4500 | ||
|---|---|---|---|
| 020 | _a818014013 | ||
| 040 | _cNUST | ||
| 082 | _a621 GUP | ||
| 100 |
_aGupta, P.N _9114235 |
||
| 110 |
_aPoonia, M.P _9114236 |
||
| 245 | _aElements of Mechanical Engineering | ||
| 260 |
_aNew Delhi: _bStandard Publishers Distributors, _c2004. |
||
| 650 |
_aElements of Mechanical Engineering _9114237 |
||
| 942 |
_2ddc _cBK |
||
| 999 |
_c595604 _d595604 |
||